000 00573nam a2200205 a 4500
001 10995
003 CO-ViMGA
008 141112s2004 ck r 000 u spa d
020 _a8474324564
040 _aCO-ViMGA
_bspa
_cCO-ViMGA
082 0 4 _a340.1 H63ej
100 1 _aHoerster Norbert,
_915133
245 1 0 _aEn defensa del positivismo jurídico
250 _a1
260 _aBarcelona,
_cEditorial Gedisa,
_c1992
490 _aColección estudios Alemanes - Filosofía
650 1 4 _aFILOSOFIA DEL DERECHO
650 1 4 _aPOSITIVISMO JURIDICO
_915134
942 _2ddc
_cBK
999 _c22213
_d22213